000 00560nam a2200169 4500
001 140404
003 ES-MaACL
005 20230906200054.0
007 t|
008 070214s1958 sp r ||||1| spa d
100 1 _aSchwarzenfeld, Gertrude von.
_9104891
245 1 0 _aCarlos V
_b: padre de Europa /
_cGertrude von Schwarzenfeld ; versión de Aurora García Hervás.
260 _aMadrid :
_bCultura Clásica y Moderna,
_c1958.
300 _a398 p., 10 lám. ;
_c20 cm.
700 1 _aGarcía Hervás, Aurora.
_954773
852 _aES-MaACL
_jC-15670
_bR.43737
999 _c140404
_d140404